Score 0/28 Timer 04:00
1 Play Today
Hint Word % Correct
One, in OaxacaUNO
99.8%
Roswell craftUFO
97.9%
The previous rung, in EnglishNEW
97%
A ___ Good MenFEW
93.7%
Lionized zodiac sign?LEO
93.3%
Use an oar, perhapsROW
93%
Leisurely runJOG
92.3%
TV bounty hunterDOG
92.1%
Church seatPEW
91.1%
Two, in TijuanaDOS
90.3%
Candy with collectible dispensersPEZ
88.8%
Dog's footPAW
88.7%
Keanu's 'Matrix' character'NEO
88.2%
___ George of Culture ClubBOY
86.7%
Hint Word % Correct
Cup of coffee, perhapsJOE
86.5%
Weed removerHOE
86%
Harley Davidson's stock symbolHOG
85.8%
Baby's food protector?BIB
84.5%
Preceder of East, Sky, and Ten in collegeBIG
84.4%
Irish dance?JIG
84.3%
Fireplace need, perhapsLOG
84.2%
Moroccan city hat?FEZ
83.2%
'Summer Girls' groupLFO
80.4%
Warbler OrbisonROY
77.9%
Flo Rida's breakout hitLOW
77.2%
30 Rock's LemonFEY
75.9%
'Airplanes' singerBOB
75.8%
Yon-Rogg in Captain MarvelLAW
71.5%

Today's Daily Dose

Remove Ads.
Support Sporcle.
Get the best of Sporcle when you Go Orange. This ad-free experience offers more features, more stats, and more fun while also helping to support Sporcle. Thank you for becoming a member.

You're not logged in!

Compare scores with friends on all Sporcle quizzes.
OR
Log In

Show Comments

Extras

Top Quizzes Today


Score Distribution

Your Account Isn't Verified!

In order to create a playlist on Sporcle, you need to verify the email address you used during registration. Go to your Sporcle Settings to finish the process.

Report this User

Report this user for behavior that violates our Community Guidelines.

Details: